01448nam a2200265Ia 4500001000600000003000900006008004100015040001300056040001300069041001300082100001800095100002900113240003500142240003500177245003300212245003300245250001100278260001100289260001200300260004900312300005700361500071800418650001501136650003101151H4898IT-RoPAU130308s9999 xx 000 0 und d aIT-RoPAU cIT-RoPAU aITALIANO aHillman James gCodice Aut. SPICS: 40122 aDREAM AND THE UNDERWORLD (THE) gCodice Tit. Orig. Spics: T3454 aSogno e il mondo infero (Il) bSogno e Il Mondo infero (Il) a1a ed. aMILANO bAdelphi c2003 [1° Ed.:2003 - Ed.Ling.Originale:1979] a"320 p. (prefazione: no ; testo: 320 [pagine: 0-0])" a"Un Ponte. Freud: Freud e la mia Tesi; Fechner, Freud e Il Mondo Infero. Lapsiche: Profondita'; Ade; la Progenie della Notte; Mondo infero e Sottosuolo; Mondo infero e Psiche; immagini e Ombre; le Persone del Sogno; la Metafora della Morte. Barriere: Il Materialismo; L'Opposizionismo; Il Cristianesimo. Il Sogno: Romanticismio Sul Sogno; L'Io Onirico; Il Lavoro Onirico; Ilmateriale Onirico. La Tratica: Caveat Lector; Il Nero; la Malattia; gli Animali; corpi D'Acqua; Ricordare e Dimenticare; Il Ritardo; la Rotondita'; la Psicopatia; Il Ghiaccio; Pasti Rituali; Baldoria; Porte e Cancelli; Fangoe Diarrea; Odori e Fumo; Lo Spazio; La'Tteggiamento Nei Confronti dei Sogni. Note. Bibliografia. indice Analitico." aPSICOLOGIA eCodice materia Spics: 3601